000 00662nam a2200205 i 4500
001 42279
003 ES-MaACL
005 20230906160600.0
007 t|
008 030313s1963 sp ||||1| spa d
100 1 _aCastillo, Michel del,
_d1933-
_936708
245 1 3 _aLa muerte de Tristán /
_cMichel del Castillo ; [versión española de Julio Gómez de la Serna].
260 _aBarcelona :
_bCaralt,
_c[1963]
300 _a151 p. ;
_c18 cm.
490 1 _aLa Espiga literaria
700 1 _aGómez de la Serna, Julio,
_d1895-1983
_957899
830 0 _aLa Espiga literaria
_9187247
852 _aES-MaACL
_jC-23745
_bR.52608
999 _c42279
_d42279